000 01143cam a2200337 i 4500
001 61403
003 Mx-PuUPA
005 20251020154024.0
008 140827s2018 mx gr 001 0 spa d
020 _a9786070748387
040 _aMx-PuUPA
_cMx-PuUPA
_bspa
_dMx-PuUPA
_erda
041 0 _aspa
043 _an-mx---
100 1 _aMartín Moreno, Francisco,
_d1946-
_eautor
_910052
245 1 0 _aMéxico esclavizado /
_cFrancisco Martín Moreno
250 _aPrimera edición /
_babril
264 1 _aCiudad de México :
_bEditorial Planeta,
_c©2018
300 _a413 páginas ;
_c23 cm
336 _atexto
_2rdacontent
_btxt
337 _2rdamedia
_asin medio
_bn
338 _2rdacarrier
_avolumen
_bnc
650 7 _2armarc
_913986
_aMayas
_zMéxico
_zYucatán (Estado)
_xCondiciones sociales
_vNovela
650 7 _2armarc
_xNovela histórica
650 7 _2armarc
_aNovela mexicana
_ySiglo XXI
651 _aMéxico
_xHistoria
_vNovela
942 _cLI
_2ddc
_h863.7
_iM82
999 _c61403
_d61403